Aktuálne trendy v MICE priemysle
MICE (Meetings Incentive Conventions Events) ako najvýznamnejšia forma cestovného ruchu. Súcasný trh MICE. Štatistika kongresových miest a hostitelských krajín. Rast požiadaviek na manažment podujatí. Inovácie a trendy v MICE priemysle.
Enregistré dans:
| Auteur principal: | |
|---|---|
| Format: | Chapitre de livre |
| Langue: | slovaque |
| Sujets: | |
| Tags: |
Pas de tags, Soyez le premier à ajouter un tag!
|
MARC
| LEADER | 00000nla$a2200000$$$4500 | ||
|---|---|---|---|
| 001 | 0048442 | ||
| 005 | 20240502083129.5 | ||
| 041 | 0 | |a slo | |
| 044 | |a CZ | ||
| 245 | 1 | 0 | |a Aktuálne trendy v MICE priemysle |c Michaela Magátová |
| 520 | |a MICE (Meetings Incentive Conventions Events) ako najvýznamnejšia forma cestovného ruchu. Súcasný trh MICE. Štatistika kongresových miest a hostitelských krajín. Rast požiadaviek na manažment podujatí. Inovácie a trendy v MICE priemysle. | ||
| 610 | 2 | 0 | |a ruch cestovný kongresový |
| 610 | 2 | 0 | |a štatistika |
| 610 | 2 | 0 | |a technológie komunikačné |
| 610 | 2 | 0 | |a technológie nové |
| 610 | 2 | 0 | |a štýl životný |
| 100 | 1 | |a Magátová, Michaela | |